| 000 | 01125nam a22002537a 4500 | ||
|---|---|---|---|
| 005 | 20240530110352.0 | ||
| 008 | 141224s2010 ua bf g b 001 0 ara d | ||
| 017 |
_a1735/2010 _bمصر . دار الكتب المصرية |
||
| 020 | _a9789773641107 | ||
| 040 | _aEG-CaGPL | ||
| 041 | 0 | _aara | |
| 082 | 0 | 4 |
_221 _a962.4\ _bع ت |
| 100 | 1 |
_aالسعدى ، عبدالرحمن بن عبدالله بن عمران _qعبدالرحمن بن عبدالله بن عمران السعدى |
|
| 245 | 1 | 0 |
_aتاريخ السودان / _cتاليف عبدالرحمن بن عبدالله بن عمران السعدى ؛ دراسة وتحقيق عبدالنعيم ضيفى عثمان |
| 250 | _aط1 | ||
| 260 |
_aالقاهرة : _bدار الرشاد ، _c2010 |
||
| 300 |
_a335 ص _bلو ، خرائط ؛ _c24 سم |
||
| 504 | _aيشتمل على ارجاعات ببليوجرافية | ||
| 651 | 0 | 4 |
_aالسودان _xتاريخ |
| 651 | 0 | 4 |
_aالسودان القديم _xتاريخ |
| 700 | 0 |
_aعبدالنعيم ضيفى عثمان _eمعلق ومحقق |
|
| 942 |
_2ddc _cBK |
||
| 999 |
_c60082 _d60082 |
||